| 000 | 01392cam a22002054a 4500 | ||
|---|---|---|---|
| 005 | 20250605164054.0 | ||
| 008 | 250528s ||||||||||||||||||||||||d | ||
| 035 | _a17378 | ||
| 020 | _a67318062 | ||
| 040 |
_aGR-AtMCL _bgre _dGR-AtMCL _eAACR2 |
||
| 245 | 1 | _aModern Industrial Organization | |
| 260 |
_bHarper Collins Publishers, _c1990 |
||
| 300 | _a880 | ||
| 520 | _aIntroduction, Overview, Basic Theory, Theory of the Firm, Costs, Competition and Monopoly, Competition and Monopoly in Markets with Externalities, Other Market Structures, U.S. Market Structure and Merger Activity and Entry Barriers, A Dominant Firm a Competitive Fringe, Cartels: Oligopoly Joint Decision Making, Noncooperative Oligopoly, Product Differentiation and Monopolistic Competition, Industry Structure and Performance, Business Practices, Strategic Behavior, Price Discrimination, Advanced Topics in Pricing, Verical Integration and Verical Restrictions, Information and Advertising and Disclosure, Advertising and Disclosure, Dynamic Models and Market Clearng, Decision Making Over Time: Durability, Patents and Technological Change, How Markets Clear: Theory and Facts, Government Policies and Their Effects, Antitrust Laws and Policy, Regulation, Author and Subject Index. | ||
| 700 | 1 |
_aCarlton Dennis W _93535 |
|
| 700 | 1 |
_aPerloff Jeffrey M _93536 |
|
| 942 | _cBK | ||
| 999 |
_c2801 _d2801 |
||